<?xml version="1.0" encoding="UTF-8"?>
<record
    xmlns:xsi="http://www.w3.org/2001/XMLSchema-instance"
    xsi:schemaLocation="http://www.loc.gov/MARC21/slim http://www.loc.gov/standards/marcxml/schema/MARC21slim.xsd"
    xmlns="http://www.loc.gov/MARC21/slim">

  <leader>02163nam a22003017a 4500</leader>
  <controlfield tag="003">EG-ScBUE</controlfield>
  <controlfield tag="005">20251125102031.0</controlfield>
  <controlfield tag="008">200219s2010    enk    f b    001 0 eng d</controlfield>
  <datafield tag="020" ind1=" " ind2=" ">
    <subfield code="a">9780470710401</subfield>
  </datafield>
  <datafield tag="040" ind1=" " ind2=" ">
    <subfield code="a">EG-ScBUE</subfield>
    <subfield code="b">eng</subfield>
    <subfield code="c">EG-ScBUE</subfield>
    <subfield code="e">rda</subfield>
    <subfield code="d">EG-ScBUE</subfield>
  </datafield>
  <datafield tag="082" ind1="0" ind2="4">
    <subfield code="a">658.83</subfield>
    <subfield code="2">22</subfield>
    <subfield code="b">POY</subfield>
  </datafield>
  <datafield tag="100" ind1="1" ind2=" ">
    <subfield code="a">Poynter, Ray,</subfield>
    <subfield code="e">author.</subfield>
  </datafield>
  <datafield tag="245" ind1="1" ind2="4">
    <subfield code="a">The handbook of online and social media research :</subfield>
    <subfield code="b">tools and techniques for market researchers /</subfield>
    <subfield code="c">Ray Poynter.</subfield>
  </datafield>
  <datafield tag="264" ind1=" " ind2="1">
    <subfield code="a">West Sussex, United Kingdom :</subfield>
    <subfield code="b">Jphn Wiley &amp; Sons Ltd,</subfield>
    <subfield code="c">2010.</subfield>
  </datafield>
  <datafield tag="300" ind1=" " ind2=" ">
    <subfield code="a">xix, 441 pages ;</subfield>
    <subfield code="c">26 cm</subfield>
  </datafield>
  <datafield tag="336" ind1=" " ind2=" ">
    <subfield code="a">text</subfield>
    <subfield code="2">rdacontent</subfield>
    <subfield code="b">txt</subfield>
  </datafield>
  <datafield tag="337" ind1=" " ind2=" ">
    <subfield code="a">unmediated</subfield>
    <subfield code="2">rdamedia</subfield>
    <subfield code="b">n</subfield>
  </datafield>
  <datafield tag="338" ind1=" " ind2=" ">
    <subfield code="a">volume</subfield>
    <subfield code="2">rdacarrier</subfield>
    <subfield code="b">nc</subfield>
  </datafield>
  <datafield tag="504" ind1=" " ind2=" ">
    <subfield code="a">Includes bibliographical references and index.
</subfield>
  </datafield>
  <datafield tag="505" ind1="8" ind2=" ">
    <subfield code="a">Machine generated contents note: Contents -- Foreword -- By Finn Raben -- Introduction -- PART I -- Online Quantitative Survey Research -- 1 Overview of Online Quantitative Research -- 2 Web Survey Systems -- 3 Designing Online Surveys -- 4 Working with Panels and Databases -- 5 Running an Online Survey and Summary -- PART II -- Qualitative Research -- 6 Overview of Online Qualitative Research -- 7 Online Focus Groups -- 8 Bulletin Board Groups and Parallel IDIs -- 9 Other Online Qualitative Methods and Summary of Online Qualitative Research -- PART III -- Social Media -- 10 Participatory Blogs as Research Tools -- 11 Online Research Communities/MROCs -- 12 Blog and Buzz Mining -- 13 Other Social Media Topics and Summary -- PART IV -- Research Topics -- 14 Specialist Research Areas -- 15 Website Research -- 16 Research Techniques and Approaches -- 17 The Business of Market Research -- PART V -- Breaking News! -- 18 NewMR -- 19 Trends and Innovations -- 20 An Overview of Online and Social Media Research -- Glossary -- Further Information -- References -- Acknowledgements.</subfield>
  </datafield>
  <datafield tag="650" ind1=" " ind2="7">
    <subfield code="a">Marketing research.</subfield>
    <subfield code="2">BUEsh</subfield>
  </datafield>
  <datafield tag="650" ind1=" " ind2="7">
    <subfield code="a">Social media.</subfield>
    <subfield code="2">BUEsh</subfield>
  </datafield>
  <datafield tag="650" ind1=" " ind2="7">
    <subfield code="a">Internet searching.</subfield>
    <subfield code="2">BUEsh</subfield>
  </datafield>
  <datafield tag="655" ind1=" " ind2=" ">
    <subfield code="v">Reading book</subfield>
  </datafield>
  <datafield tag="856" ind1="4" ind2="2">
    <subfield code="3">Cover image</subfield>
    <subfield code="u">http://catalogimages.wiley.com/images/db/jimages/9780470710401.jpg</subfield>
  </datafield>
  <datafield tag="942" ind1=" " ind2=" ">
    <subfield code="2">ddc</subfield>
    <subfield code="c">BB</subfield>
  </datafield>
  <datafield tag="999" ind1=" " ind2=" ">
    <subfield code="c">31007</subfield>
    <subfield code="d">30978</subfield>
  </datafield>
  <datafield tag="952" ind1=" " ind2=" ">
    <subfield code="0">0</subfield>
    <subfield code="1">0</subfield>
    <subfield code="2">ddc</subfield>
    <subfield code="4">0</subfield>
    <subfield code="7">0</subfield>
    <subfield code="8">Donation-G</subfield>
    <subfield code="a">MAIN</subfield>
    <subfield code="b">MAIN</subfield>
    <subfield code="c">1ST</subfield>
    <subfield code="d">2025-11-25</subfield>
    <subfield code="e">Donation</subfield>
    <subfield code="l">0</subfield>
    <subfield code="o">658.83 POY</subfield>
    <subfield code="p">000057401</subfield>
    <subfield code="r">2025-11-25 00:00:00</subfield>
    <subfield code="w">2025-11-25</subfield>
    <subfield code="y">BB</subfield>
  </datafield>
</record>
